000 01351nam a2200349 i 4500
001 30357
003 KOSZ 005
005 20201008140029.0
008 s1994 pl f |000 0 pol
020 _a8390168057
040 _cKOSZ 005
_aKOSZ 005
_dKOSZ 005/EG
041 0 _apl
046 _k1994
080 _a504
245 0 0 _aStan środowiska w województwie opolskim w roku 1993 /
_c[oprac. części opisowej i graficznej Edward Chałupniak] ; Państwowa Inspekcja Ochrony Środowiska, Wojewódzki Inspektorat Ochrony Środowiska w Opolu.
260 _aOpole :
_bPIOŚ,
_c1994.
300 _a187 s., [4] k. fot. kolor. :
_bmapy, wykr. ;
_c24 cm.
336 _2rdacontent
_aTekst
_btxt
337 _2rdamedia
_aBez urządzenia pośredniczącego
_bn
338 _2rdacarrier
_aWolumin
_bnc
380 _aKsiążki
388 _a1901-2000
490 1 _aBiblioteka Monitoringu Środowiska
650 7 _aŚrodowisko człowieka
651 7 _aOpole (woj. opolskie ; okręg)
658 _aOchrona środowiska
700 1 _aChałupniak, Edward
_eOpracowanie
710 2 _4pbl
_aPaństwowa Inspekcja Ochrony Środowiska
830 _aBiblioteka Monitoringu Środowiska
856 _uhttp://koha.tu.koszalin.pl/cgi-bin/koha/opac-detail.pl?biblionumber=30357
_yKatalog online BPK
942 _cKS
_2UKD
999 _c30357
_d30357